10 rokov úspechu

Rozsiahla informácia o I.D.C. Holding, a.s. Vznik spoločnosti, organizačná štruktúra, vývoj počtu a vzdelanostnej úrovne zamestnancov, hlavné skupiny výrobkov. Strategické riadenie firmy, informačná stratégia. Ľudské zdroje a firemná kultúra. I.D.C. Holding na maďarskom, českom a poľskom trhu. Exter...

Ausführliche Beschreibung

Gespeichert in:
Bibliographische Detailangaben
Format: Buchkapitel
Sprache:Slowakisch
Schlagworte:
Tags: Tag hinzufügen
Keine Tags, Fügen Sie das erste Tag hinzu!

MARC

LEADER 00000naa a2200000 4500
001 r047221
005 20240229071302.7
041 0 |a slo 
044 |a SK 
245 1 0 |a 10 rokov úspechu 
520 |a Rozsiahla informácia o I.D.C. Holding, a.s. Vznik spoločnosti, organizačná štruktúra, vývoj počtu a vzdelanostnej úrovne zamestnancov, hlavné skupiny výrobkov. Strategické riadenie firmy, informačná stratégia. Ľudské zdroje a firemná kultúra. I.D.C. Holding na maďarskom, českom a poľskom trhu. Externý pohľad na fungovanie holdingu. 
610 2 0 |a spoločnosti holdingové 
610 2 0 |a história 
610 2 0 |a štruktúra organizačná 
610 2 0 |a výrobky 
610 2 0 |a trh vnútorný 
610 2 0 |a trh zahraničný 
610 2 0 |a I.D.C. Holding, a.s. 
610 2 0 |a Slovensko